| 000 | 00686nam a2200181 i 4500 | ||
|---|---|---|---|
| 001 | 134538 | ||
| 003 | ES-MaACL | ||
| 005 | 20230906194709.0 | ||
| 007 | t| | ||
| 008 | 070911s1947 xxk ||||1| eng d | ||
| 100 | 1 |
_aWeber, Max. _9116265 |
|
| 245 | 1 | 4 |
_aThe theory of social and economic organization / _cby Max Weber ; Part I of Wirtschaft und Gesellschaft translated from the german by A. R. Henderson and Talcott Parsons ; revised and edited with an introduction by Talcott Parsons. |
| 260 |
_aLondon : _bWilliam Hodge, _c1947. |
||
| 300 |
_a404 p. ; _c26 cm. |
||
| 700 | 1 |
_aHenderson, A. R. _962513 |
|
| 700 | 1 |
_aParsons, Talcott. _989287 |
|
| 852 |
_aES-MaACL _jC-5301 _bR.25470 |
||
| 999 |
_c134538 _d134538 |
||